000 00647cam a22002174a 4500
005 20250605164345.0
008 250528s ||||||||||||||||||||||||d
035 _a23829
020 _a9789600115260
040 _aGR-AtMCL
_bgre
_dGR-AtMCL
_eAACR2
245 1 _aΜουσική στην προσχολική αγωγή
250 _a1
260 _aGreece
_bGutenberg,
_c2012
300 _a286
520 _aΑλληλεπίδραση παιδιού παιδαγωγού
700 1 _aΔογάνη Κωνσταντίνα
_98838
700 1 _aΜπακιρτζής Κώστας
_99343
942 _cBK
999 _c8756
_d8756